| 000 | 00480nam a2200169Ia 4500 | ||
|---|---|---|---|
| 999 |
_c40365 _d40365 |
||
| 003 | OSt | ||
| 005 | 20200706111203.0 | ||
| 008 | 190216s9999||||xx |||||||||||||| ||und|| | ||
| 040 | _coclc | ||
| 082 |
_a940.53 _bNID/R |
||
| 100 |
_aNideeri, Ebraham M _93549 |
||
| 245 | 0 |
_aRandam Loka Maha Yudham / _cEbraham M Nideeri |
|
| 260 |
_bBhasha Institute, _aTrivandrum: |
||
| 300 | _a586p | ||
| 650 | _aHistory | ||
| 942 |
_cBK _2ddc _h940.53 _iNID/R _k940.53 _mNID/R |
||